000
00320nam a22001337a 4500
008
171108b xxu||||| |||| 00| 0 eng d
020
_a
9780324136760
041
_a
eng
080
_a
330.322
100
_a
64
101
_a
INV
245
_a
COMMERCIAL REAL ESTATE ANALYSIS AND INVESTMENTS
_c
GELTNER,D
942
_2
udc
_c
BK
999
_c
38199
_d
38199